| 000 | 00378 a2200157 4500 | ||
|---|---|---|---|
| 001 | 186085 | ||
| 020 | _a0-345-27327-2 | ||
| 040 | _cMagnum | ||
| 100 | _aIngram, Anne | ||
| 240 | 1 | 0 |
_aWhy ducks sleep on one leg and other stories _lING |
| 245 | 1 | 0 | _aWhy ducks sleep on one leg and other stories |
| 300 | _a | ||
| 362 | 0 | _a2000 | |
| 697 | _aLITERATURA INGLESA | ||
| 942 | _cBK | ||
| 999 |
_c186085 _d186085 |
||